| Tag |
First Indicator |
Second Indicator |
Subfields |
| LEADER |
00000cam a2200000 a 4500 |
| 001 |
in00000090224 |
| 005 |
20151008065635.0 |
| 008 |
820427s1982 onca b 00110 eng d |
| 020 |
|
|
|a 0802054676
|
| 035 |
|
|
|a (OCoLC)08374291
|
| 035 |
|
|
|9 AAK6311AM
|
| 040 |
|
|
|a WLU
|c WLU
|d TXA
|d UtOrBLW
|
| 049 |
|
|
|a TXAM
|c [388706]
|
| 090 |
|
|
|a BV185
|b H83
|
| 100 |
1 |
|
|a Hughes, Andrew,
|d 1937-2013.
|
| 245 |
1 |
0 |
|a Medieval manuscripts for mass and office :
|b a guide to their organization and terminology /
|c Andrew Hughes.
|
| 264 |
|
1 |
|a Toronto ;
|a Buffalo :
|b University of Toronto Press,
|c [1982]
|
| 264 |
|
4 |
|c ©1982
|
| 300 |
|
|
|a xxxiv, 470 pages :
|b illustrations ;
|c 26 cm.
|
| 336 |
|
|
|a text
|b txt
|2 rdacontent
|
| 337 |
|
|
|a unmediated
|b n
|2 rdamedia
|
| 338 |
|
|
|a volume
|b nc
|2 rdacarrier
|
| 500 |
|
|
|a Includes indexes.
|
| 504 |
|
|
|a Bibliography: pages [382]-389.
|
| 650 |
|
0 |
|a Liturgics
|x History
|x Sources.
|
| 650 |
|
0 |
|a Liturgies, Early Christian
|x History
|x Sources.
|
| 650 |
|
0 |
|a Liturgies
|x Manuscripts
|x History.
|
| 650 |
|
0 |
|a Liturgies
|x Manuscripts
|x Terminology.
|
| 650 |
|
0 |
|a Manuscripts, Latin (Medieval and modern)
|
| 999 |
|
|
|a MARS
|
| 999 |
f |
f |
|s 1813f5f7-e255-3dc8-9540-9ddf8f899797
|i a6447b64-15eb-3f78-8d59-0f673ec15f76
|t 0
|
| 952 |
f |
f |
|p normal
|a Texas A&M University
|b College Station
|c Sterling C. Evans Library
|d Evans: Library Stacks
|t 0
|e BV185 H83
|h Library of Congress classification
|i unmediated -- volume
|m A14806003388
|
| 998 |
f |
f |
|a BV185 H83
|t 0
|l Evans: Library Stacks
|